Vývoj závislosti dlhov a EBITDA v hutníckom odvetví
Určenie vzťahov dlhov od EBITDA v spoločnostiach hutníckeho priemyslu za sledované obdobie 2003-2012 a porovnanie vývoja násobkov EBITDA.
Salvato in:
| Autore principale: | |
|---|---|
| Natura: | Capitolo di libro |
| Lingua: | slovacco |
| Soggetti: | |
| Tags: |
Nessun Tag, puoi essere il primo ad aggiungerne!!
|
MARC
| LEADER | 00000nla a2200000 4500 | ||
|---|---|---|---|
| 001 | 0181703 | ||
| 005 | 20240610092801.5 | ||
| 041 | 0 | |a slo | |
| 044 | |a SK | ||
| 245 | 1 | 0 | |a Vývoj závislosti dlhov a EBITDA v hutníckom odvetví |c Michal Kravec |
| 520 | |a Určenie vzťahov dlhov od EBITDA v spoločnostiach hutníckeho priemyslu za sledované obdobie 2003-2012 a porovnanie vývoja násobkov EBITDA. | ||
| 610 | 2 | 0 | |a hutníctvo |
| 610 | 2 | 0 | |a dlhy |
| 610 | 2 | 0 | |a kríza finančná |
| 610 | 2 | 0 | |a ukazovatele finančné |
| 610 | 2 | 0 | |a zdroje finančné cudzie |
| 610 | 2 | 0 | |a koeficient regresný |
| 610 | 2 | 0 | |a koeficient determinácie |
| 100 | 1 | |a Kravec, Michal, 1986- | |